| 000 | 00634nam a22001817a 4500 | ||
|---|---|---|---|
| 999 |
_c187749 _d187749 |
||
| 005 | 20220428151426.0 | ||
| 010 | _aENG-132447 | ||
| 020 |
_a9789385616044 _c925.00 |
||
| 035 | _aEN-115979 | ||
| 037 | _bDBAD/PUB | ||
| 082 | _a617.0231 | ||
| 100 | _aPrathiba, P.M. | ||
| 245 |
_aMedical Surgical: _b GNM Second Year/ _cP.M. Prathiba |
||
| 260 |
_aVijayawada _bVijayam Publications _c2022 |
||
| 270 |
_a#29-2-28,Ramamandiram St,Governerpet,Eluru Road,Vijaywada-2,A.P. _bVijayawada _e517502 _k0866-2432445 _mvijayampublicationtriupati@gmail.com |
||
| 300 |
_a14.36vp. _c24cm.(pbk) |
||
| 942 |
_cEN _h617.0231 _2ddc _mPRA |
||